Financial Management text Problems & cases (Record no. 5132)
[ view plain ]
| 000 -LEADER | |
|---|---|
| fixed length control field | 00358nam a2200157Ia 4500 |
| 003 - CONTROL NUMBER IDENTIFIER | |
| control field | OSt |
| 008 - FIXED-LENGTH DATA ELEMENTS--GENERAL INFORMATION | |
| fixed length control field | 191201s2011 xx 000 0 und d |
| 082 ## - DEWEY DECIMAL CLASSIFICATION NUMBER | |
| Classification number | 658.15 |
| Item number | KHF |
| 100 ## - MAIN ENTRY--PERSONAL NAME | |
| Personal name | KHAN, M.Y. |
| 245 #0 - TITLE STATEMENT | |
| Title | Financial Management text Problems & cases |
| 250 ## - EDITION STATEMENT | |
| Edition statement | 6TH |
| 260 ## - PUBLICATION, DISTRIBUTION, ETC. (IMPRINT) | |
| Place of publication, distribution, etc | New Delhi |
| Name of publisher, distributor, etc | TMH |
| Date of publication, distribution, etc | 2011 |
| 300 ## - PHYSICAL DESCRIPTION | |
| Extent | MISC |
| 650 ## - SUBJECT ADDED ENTRY--TOPICAL TERM | |
| Topical term or geographic name as entry element | BBA |
| 942 ## - ADDED ENTRY ELEMENTS (KOHA) | |
| Source of classification or shelving scheme | Dewey Decimal Classification |
| Koha item type | Text Books |
| Withdrawn status | Lost status | Source of classification or shelving scheme | Damaged status | Not for loan | Collection code | Home library | Current library | Date acquired | Source of acquisition | Cost, normal purchase price | Bill Number | Total Checkouts | Full call number | Acc. no. / Barcode | Date last seen | Bill Date | Koha item type | Date last borrowed | Checked out |
|---|---|---|---|---|---|---|---|---|---|---|---|---|---|---|---|---|---|---|---|
| Dewey Decimal Classification | BBA | PIET C-LIBRARY | PIET C-LIBRARY | 18/02/2012 | IBH, New Delhi | 595.00 | 18200 | 658.15 KHF | 18885 | 04/12/2019 | 08/02/2012 | Text Books | |||||||
| Dewey Decimal Classification | BBA | PIET C-LIBRARY | PIET C-LIBRARY | 18/02/2012 | IBH, New Delhi | 595.00 | 18200 | 658.15 KHF | 18886 | 04/12/2019 | 08/02/2012 | Reference Books | |||||||
| Dewey Decimal Classification | BBA | PIET C-LIBRARY | PIET C-LIBRARY | 18/02/2012 | IBH, New Delhi | 595.00 | 18200 | 658.15 KHF | 18887 | 04/12/2019 | 08/02/2012 | Text Books | |||||||
| Dewey Decimal Classification | BBA | PIET C-LIBRARY | PIET C-LIBRARY | 18/02/2012 | IBH, New Delhi | 595.00 | 18200 | 658.15 KHF | 18888 | 04/12/2019 | 08/02/2012 | Text Books | |||||||
| Dewey Decimal Classification | BBA | PIET C-LIBRARY | PIET C-LIBRARY | 18/02/2012 | IBH, New Delhi | 595.00 | 18200 | 1 | 658.15 KHF | 18889 | 01/05/2023 | 08/02/2012 | Text Books | 18/04/2023 | |||||
| Dewey Decimal Classification | BBA | PIET C-LIBRARY | PIET C-LIBRARY | 18/02/2012 | IBH, New Delhi | 595.00 | 18200 | 2 | 658.15 KHF | 18890 | 22/01/2022 | 08/02/2012 | Text Books | 22/01/2022 | 21/07/2022 |